000 01018nam a2200253 i 4500
001 156733
003 ES-MaACL
005 20230906210501.0
008 990903s1836 fr |||| | fre d
040 _aCCPB | B
_bspa
_cCCPB | B
100 1 _aLa Pilorgerie, Jules de.
_9128523
245 1 0 _aHistoire de Botany-Bay
_b: etat present des colonies pénales de l'Angleterre, dans l'Australie ou Examen des effets de la déportation... /
_cpar M. Jules de La Pilorgerie.
246 3 _aExamen des effets de la déportation
260 _aParis :
_bPaulin,
_c1836 (
_fImp. de Mme. Porthmann)
300 _aXIV, 394, IV p. ;
_c22 cm.
596 _aDatos del imp. tomados de v. de antep.
597 _aAntep.
597 _a2 h. pleg. de tablas.
650 4 _aColonias penitenciarias-
_zAustralia.
_9172349
650 4 _aEstablecimientos penitenciarios-
_zGran Bretaña.
_9141898
650 4 _aDeportación.
_9135876
752 _aFrancia -
_dParís
852 _aES-MaACL
_jD-263
_z- Enc. hol.
_z- Donativo Lastres
999 _c156733
_d156733